00589 2200217 4500001002100000005001500021035002000036007000300056008004100059020001500100082000800115084001400123100001800137245005800155250001100213260004500224300003800269650003000307504002500337990000900362INLIS00000000000577520200619031113 a0010-0620000055ta200619 g 0 ind  a9795342134 a612 a612 PAR s0 aPARKER, steve1 a100 Pengetahuan Tentang Tubuh Manusia /cSteve Parker aCet. 1 aBandung :bMiles Kelly Publishing,c2004 a48 hlm :b.ilus ;c20,5 x 29,5 cm 4aPengetahuan tubuh manusia aBibliografi : Hal 48 a1922